Name All Pro Teams Quiz Stats

 Plays Quiz not verified by Sporcle

Support Sporcle.
Go Orange.
Score 0/122 Timer 12:00
0 Plays Today
Sport Team % Correct
MLBCincinnati Reds
92.7%
NFLNew York Giants
91%
MLBSan Francisco Giants
90.9%
MLBSt. Louis Cardinals
90.1%
NFLArizona Cardinals
89.9%
NFLNew York Jets
88.8%
NFLNew England Patriots
88.4%
MLBBoston Red Sox
88%
MLBNew York Yankees
86.7%
MLBTexas Rangers
86.3%
NHLNew York Rangers
86.2%
MLBChicago White Sox
85.8%
NFLCarolina Panthers
85.7%
NHLFlorida Panthers
85.5%
NFLDallas Cowboys
85.2%
NFLSan Francisco 49ers
84.6%
NFLPhiladelphia Eagles
84.6%
NFLChicago Bears
83.8%
NFLGreen Bay Packers
83.8%
NFLPittsburgh Steelers
83.8%
NFLWashington Redskins
82.9%
NFLAtlanta Falcons
82.7%
NFLDetroit Lions
82.7%
NBABoston Celtics
82.6%
NFLSeattle Seahawks
82.3%
NBALA Lakers
82.3%
NFLCleveland Browns
81.8%
NFLDenver Broncos
81.8%
MLBChicago Cubs
81.4%
NFLMiami Dolphins
81.2%
MLBNew York Mets
81%
NFLCincinnati Bengals
81%
NFLMinnesota Vikings
80.7%
NBAMiami Heat
80.6%
NFLHouston Texans
80.5%
NFLIndianapolis Colts
79.9%
NFLOakland Raiders
79.9%
NFLSt. Louis Rams
79.8%
NFLBaltimore Ravens
79.7%
NFLNew Orleans Saints
79.7%
NFLJacksonville Jaguars
79.5%
Sport Team % Correct
MLBLos Angeles Angels of Anaheim
78.6%
NBASacramento Kings
78%
NHLLos Angeles Kings
78%
NBANew York Knicks
77.8%
NFLBuffalo Bills
77.7%
NFLKansas City Chiefs
77.5%
NFLSan Diego Chargers
76.9%
NFLTampa Bay Buccaneers
76.9%
MLBPhiladelphia Phillies
76.8%
MLBToronto Blue Jays
76.5%
NBANew Jersey Nets
76.5%
MLBFlorida Marlins
76%
NBAChicago Bulls
75.9%
MLBHouston Astros
75.7%
MLBTampa Bay Rays
75.6%
NBAAtlanta Hawks
75.5%
NBALA Clippers
75.3%
NFLTennessee Titans
75.3%
MLBBaltimore Orioles
75.1%
MLBDetroit Tigers
74.8%
MLBWashington Nationals
74.6%
MLBLos Angeles Dodgers
74.5%
MLBPittsburgh Pirates
74.4%
MLBAtlanta Braves
74.4%
NHLBoston Bruins
74.4%
MLBCleveland Indians
73.9%
MLBSeattle Mariners
73.8%
MLBArizona Diamondbacks
73.3%
NHLPittsburgh Penguins
72.9%
MLBOakland Athletics
72.6%
NBAOklahoma City Thunder
72.5%
NBACleveland Cavaliers
72.1%
MLBMinnesota Twins
71.9%
NHLDetroit Red Wings
71.4%
MLBMilwaukee Brewers
71.2%
MLBColorado Rockies
71.1%
NHLChicago Blackhawks
70.7%
MLBKansas City Royals
69.9%
NBADallas Mavericks
69.7%
NBAGolden State Warriors
69.6%
NHLNew York Islanders
69.5%
Sport Team % Correct
MLBSan Diego Padres
69%
NBAHouston Rockets
68.9%
NBASan Antonio Spurs
68.7%
NBAUtah Jazz
68.5%
NBAOrlando Magic
68.3%
NBAWashington Wizards
68%
NBADetroit Pistons
68%
NBADenver Nuggets
67.8%
NBAIndiana Pacers
66.8%
NBAPhoenix Suns
66.7%
NHLToronto Maple Leafs
66.6%
NHLPhiladelphia Flyers
66.2%
NHLWashington Capitals
66.2%
NBAMinnesota Timberwolves
65.9%
NBANew Orleans Hornets
65.9%
NHLVancouver Canucks
65.7%
NBAToronto Raptors
65.7%
NHLDallas Stars
64.5%
NBAMilwaukee Bucks
64.4%
NHLSt. Louis Blues
63.7%
NHLMontreal Canadiens
63.4%
NHLNew Jersey Devils
63.2%
NHLTampa Bay Lightning
62.5%
NHLColorado Avalanche
62.1%
NHLMinnesota Wild
61.6%
NHLAnaheim Ducks
61.5%
NBAMemphis Grizzlies
60.9%
NHLEdmonton Oilers
60.2%
NHLPhoenix Coyotes
59.3%
NHLCarolina Hurricanes
58.3%
NHLColumbus Blue Jackets
57.9%
NBACharlotte Bobcats
57.8%
NHLOttawa Senators
57.6%
NHLSan Jose Sharks
56.4%
NHLBuffalo Sabres
55.5%
NHLCalgary Flames
55.1%
NHLNashville Predators
54.4%
NBAPhiladelphia Sixers
53.6%
NHLAtlanta Thrashers
50.1%
NBAPortland Trail Blazers
49.8%

You're not logged in!

Compare scores with friends on all Sporcle quizzes.
OR
Log In

From the Vault

Musical Men in Comic Books

by shorlin

These musicians have nothing but drawing power.
Remove Ads.
Support Sporcle.
Get the best of Sporcle when you Go Orange. This ad-free experience offers more features, more stats, and more fun while also helping to support Sporcle. Thank you for becoming a member.

Show Comments

Extras

Top Quizzes Today


Score Distribution

Your Account Isn't Verified!

In order to create a playlist on Sporcle, you need to verify the email address you used during registration. Go to your Sporcle Settings to finish the process.

Report this User

Report this user for behavior that violates our Community Guidelines.

Details: